[Event "Olympiad-37"]
[Site "Turin"]
[Date "2006.05.25"]
[Round "5"]
[White "Moradiabadi, Elshan"]
[Black "Le, Quang Liem"]
[Result "1-0"]
[WhiteElo "2490"]
[BlackElo "2473"]
[Annotator "Reeh,O"]
[PlyCount "109"]
[EventDate "2006.05.21"]
[EventType "team-swiss"]
[EventRounds "13"]
[EventCountry "ITA"]
[SourceTitle "CBM 113"]
[Source "ChessBase"]
[SourceDate "2006.07.31"]
[SourceVersion "1"]
[SourceVersionDate "2006.07.31"]
[SourceQuality "1"]
[WhiteTeam "Iran"]
[BlackTeam "Vietnam"]
[WhiteTeamCountry "IRI"]
[BlackTeamCountry "VIE"]

1. c4 c6 2. d4 d5 3. Nf3 Nf6 4. Nc3 a6 5. e3 b5 6. c5 Nbd7 7. b4 g6 8. a4 Bb7
9. Bb2 Bg7 10. Bd3 O-O 11. O-O Qc7 12. Qc2 e5 13. Nxe5 Nxe5 14. dxe5 Ng4 15.
Be2 Nxe5 16. Nd1 Rad8 17. f4 Nc4 18. Bxg7 Kxg7 19. axb5 axb5 20. Qc3+ Kg8 21.
Bxc4 dxc4 22. Nf2 f5 23. Rfd1 Bc8 24. Rxd8 Rxd8 25. Qf6 Rf8 26. Qc3 Be6 27. Ra6
Bd5 28. Qa3 Qg7 29. Ra7 Qf6 30. Nd1 Bf7 31. Nc3 Kg7 32. Ne2 Rd8 33. Qc1 g5 34.
fxg5 Qxg5 35. Nf4 Kg8 36. Ra3 Qg4 37. Ra1 Bd5 38. Qd2 Qg7 39. Ra3 Qe7 40. Qc3
Be4 41. h3 Bd3 42. Qe1 Bc2 43. Kh2 Ba4 $2 {A strange square for the bishop.
Ein seltsames Feld für den Läufer.} (43... Re8 $1 {and Black is okay. und die
schwarze Stellung ist in Ordnung.}) 44. e4 $1 {Including the rook into the
game. Now White gets an attack on the dark squares, benefitting from the fact
that the black Ba4 is completely out of play. Schaltet den Turm ins Spiel ein.
Weiß kommt nun zum Angriff auf dem dunklen Feldern, wobei es ihm zugute kommt,
dass der schwarze Läufer a4 völlig im Abseits steht.} fxe4 (44... Qxe4 45. Qg3+
Kf7 (45... Kh8 46. Qh4)) 45. Rg3+ Kf7 (45... Kh8 $2 {fails to scheitert an} 46.
Qc3+ {, so Black's king has to take this uncomfortable step. , daher muss der
schwarze König diesen unliebsamen Weg einschlagen.}) 46. Qf2 Qf6 $2 ({The only
move was Der einzige Zug war} 46... Qe5 {, although it's of course
understandable that Black wanted to block the f-file. Who likes to run into a
discovered check? , obwohl es natürlich verständlich ist, dass Schwarz die
f-Linie blockieren wollte. Wer lässt schon gern ein Abzugschach zu?}) {[%tqu
"En","With his last move Black wanted to avoid any trouble in the f-file. How
would you continue?","White should try to get his rook into the enemy camp,
which would make his attack decisive. This can be achieved by using fork
motifs with the knight and a discovered check respectively.","Can the black
king or queen capture a rook on g7?","g3g7","Nice! The rook goes onto a square
where it could be taken by two pieces, and yet it is untouchable!",15,"De",
"Mit seinem letzten Zug wollte Schwarz Unannehmlichkeiten in der f-Linie aus
dem Weg gehen. Wir würden Sie fortsetzen?","Weiß sollte versuchen, seinen Turm
ins feindliche Lager einzuschleusen, was seinen Angriff unwiderstehlich machen
würde. Dies lässt sich erreichen durch Gabel- bzw. Abzugsschachmotive.",
"Könnten König oder auch Dame von Schwarz einen Turm auf g7 nehmen?","g3g7",
"Schön! Der Turm zieht auf ein Feld, wo er von zwei Figuren geschlagen werden
kann, und dennoch ist er tabu!",15]} 47. Rg7+ $1 {White's rook enters the
black camp with decisive effect! Der weiße Turm dringt mit entscheidender
Wirkung ins schwarze Lager ein!} Ke8 {Otherwise Black would run into a fork on
h5 or e6. Andernfalls folgt eine Gabel auf h5 oder e6.} (47... Qxg7 48. Nh5+) (
47... Kxg7 48. Nh5+) (47... Kf8 48. Ne6+) 48. Qg3 {Now Black is helpless
against the combined attack of the White queen, rook and knight. Poor bishop
a4! Nun ist Schwarz hilflos gegen das mächtige weiße Angriffstrio Dame, Turm
und Springer. Armer Läufer a4!} Qf5 49. Rg5 (49. Nh5 {was even quicker: gewann
sogar noch schneller:} Qxh5 50. Qc7 {and mate. und Matt.}) 49... Qf6 50. Nh5
Qd4 51. Rg7 c3 52. Rxh7 Bb3 53. Qg6+ Kf8 54. Qh6+ Kg8 55. Rg7+ 1-0

[Event "Moscow op-A 04th"]
[Site "Moscow"]
[Date "2008.02.04"]
[Round "3"]
[White "Dzhakaev, Dzhakay"]
[Black "Volkov, Sergey"]
[Result "0-1"]
[WhiteElo "2510"]
[BlackElo "2623"]
[Annotator "Rogozenco,D"]
[PlyCount "46"]
[EventDate "2008.02.02"]
[EventType "swiss"]
[EventRounds "9"]
[EventCountry "RUS"]
[SourceTitle "CBM 122 Extra"]
[Source "ChessBase"]
[SourceDate "2008.03.04"]
[SourceVersion "1"]
[SourceVersionDate "2008.03.04"]
[SourceQuality "1"]

1. Nf3 d5 2. d4 Nf6 3. c4 c6 4. Nc3 a6 5. a4 e6 6. Bg5 Qa5 $5 {This rare move
has a terrific record: Black has won almost all the games with it. Although
White can break up his opponent's pawn structure now, this factor should not
be overestimated due to Black's better control over the dark squares.} 7. Bxf6
(7. Bd2 Bb4 8. e3 O-O 9. c5 Nbd7 10. Bd3 Qc7 11. Ne2 (11. a5 e5 $132) 11...
Bxd2+ 12. Qxd2 e5 $11 {0-1 Cazzaniga,W-Parrella,A/Arvier 2002 (56)}) 7... gxf6
8. e3 Qb4 {The point of Black's strategy in this system: the pawns on c4 and
b2 are under attack.} 9. Qd2 $146 (9. Qc1 dxc4 10. a5 Nd7 11. Be2 b5 12. axb6
Nxb6 $13 {0-1 Dizdar,G-Vasilev,M/Triesen 2005 (52)}) (9. Qc2 dxc4 10. Nd2 (10.
a5 Nd7 11. Nd2 b5 12. axb6 Nxb6 13. Be2 c5 14. Bf3 Rb8 15. d5 Bg7 16. O-O O-O
17. e4 Rd8 18. Rfe1 a5 19. Ra3 {1/2-1/2 Genov,P-Rusev,K/Plovdiv 2004}) 10... b5
11. Be2 Bb7 12. O-O Nd7 13. Bf3 Rb8 14. axb5 axb5 15. Ra7 Bg7 16. Nde4 O-O 17.
Ng3 f5 18. Nh5 Nf6 19. Nxg7 Kxg7 20. e4 fxe4 21. Nxe4 Nxe4 22. Bxe4 Qd6 23. Qc3
f6 $15 {0-1 Zhukova,N-Stefanova,A/Elista 2004 (53)}) (9. cxd5 $6 Qxb2 10. Rc1
Bb4 $36) 9... dxc4 10. a5 Nd7 11. Be2 ({Safer for White is to take back the
pawn, although after} 11. Ra4 Qd6 12. Rxc4 (12. Bxc4 b5 13. axb6 Nxb6 $17)
12... f5 (12... b5 $6 13. axb6 Nxb6 14. Ne4 $36) 13. Na4 {the position is
double-edged: Black's worse pawn structure is compensated for by the bishop
pair.}) 11... b5 12. axb6 Nxb6 13. O-O a5 14. Ne4 f5 (14... Qxd2 15. Nfxd2 f5
16. Nc5 $14) 15. Nc5 {An interesting decision to sacrifice the second pawn in
order to exchange his opponent's dark-squared bishop. On the other hand Black
will retain good control over the central squares and it is unclear if White
has sufficient resources to exploit his opponent's pawn weaknesses.} ({Safer is
} 15. Nf6+ Ke7 (15... Kd8 16. Qc2 $44) 16. Qxb4+ axb4 17. Rxa8 Nxa8 18. Nh5 Nb6
19. Ne5 $11 (19. Ra1 f6 20. Ra7+ Bd7 21. Rb7 c3 $132)) 15... Bxc5 16. dxc5 Qxc5
17. e4 $6 {Giving up the third pawn is highly doubtful. The main drawback of
this advance is that it allows Black to install a mighty knight on d5 later on.
} (17. Qc3 Rg8 (17... O-O 18. Qf6 (18. Rfc1 $44) 18... Nd5 19. Qg5+ Kh8 20.
Bxc4 $14 Qxc4 $140 $2 21. Qh6 Rg8 (21... Ba6 $2 22. Ng5 $18) 22. Ne5 $18) 18.
Rfc1 $44) (17. Rfc1 $44) 17... fxe4 18. Ng5 f5 $1 {Very materialistic, but an
effective approach.} 19. Ra3 (19. Bh5+ Ke7 20. Qf4 Nd5 21. Qh4 Kd7 $17) ({
The compensation is also insufficient in the event of} 19. Qc3 e5 (19... Rg8 $6
20. Nxh7 $36) ({a good alternative is} 19... O-O 20. Qg3 f4 {with advantage
for Black}) 20. Qh3 Qe7 ({There is no point in complicating matters with} 20...
h5 21. Bxh5+ Kf8 22. Nf7 Rh7 23. Ng5 {and if} Rg7 {then} 24. Be2 Rxg5 $140 25.
Qh6+ Rg7 26. Qh8+ Rg8 27. Qf6+ Ke8 28. Bh5+ Kd7 29. Qf7+ $16)) 19... Nd5 $17
20. Rg3 (20. Bh5+ Ke7 21. Rg3 Bd7 $17) 20... h5 21. h4 e5 $1 22. Qc1 c3 $19 23.
Nf7 (23. bxc3 a4 24. c4 Nf4 $19) 23... Nf4 ({The computer also defends after
taking the piece right away:} 23... Kxf7 24. Qg5 Rf8 25. Bxh5+ (25. Qxh5+ Ke7
26. Rg7+ Kd6) (25. Qg7+ Ke6 26. Rg6+ Rf6 27. Qg8+ Kd7 28. Rg7+ Ne7 29. Rd1+ Rd6
$19) 25... Ke6 $19) (23... Nf4 24. Bc4 Qxc4 25. Nd6+ Ke7 26. Nxc4 Ne2+ 27. Kh2
Nxc1 28. Rxc1 cxb2 29. Nxb2 Be6 $19) 0-1

[Event "ROM-chT div-A"]
[Site "Predeal"]
[Date "2006.11.06"]
[Round "3"]
[White "Gleizerov, Evgeny"]
[Black "Vysochin, Spartak"]
[Result "1-0"]
[WhiteElo "2560"]
[BlackElo "2531"]
[Annotator "Rogozenco,D"]
[PlyCount "113"]
[EventDate "2006.11.04"]
[EventType "team"]
[EventRounds "9"]
[EventCountry "ROU"]
[SourceTitle "CBM 116"]
[Source "ChessBase"]
[SourceDate "2007.02.01"]
[SourceVersion "1"]
[SourceVersionDate "2007.02.01"]
[SourceQuality "1"]

1. d4 d5 2. c4 c6 3. Nf3 Nf6 4. Nc3 a6 5. Ne5 Nbd7 6. Bf4 dxc4 7. Nxc4 b5 8.
Ne5 Bb7 9. e3 c5 (9... e6 $142 10. Qf3 $1 $14 (10. Be2 c5 11. O-O (11. Bf3 Bxf3
12. Qxf3 cxd4 13. exd4 Bb4 $11) 11... Nxe5 $1 (11... cxd4 12. exd4 $13 {/+/=})
12. Bxe5 cxd4 13. Bxd4 Be7 $11)) 10. dxc5 $1 {Gleizerov improves on his own
earlier game.} ({Spartak Vysochin prepared himself following:} 10. Nxd7 Nxd7
11. d5 Nf6 12. e4 e6 13. dxe6 fxe6 14. f3 {1/2-1/2 Gleizerov,E (2562)-Popov,I 
(2482)/Voronezh 2006, played few months before the present game.}) 10... Nxe5 (
10... Nxc5 {also runs into} 11. Nxb5 $1 (11. b4 Ncd7 (11... Nce4 12. Nxb5 $18)
(11... Qxd1+ 12. Rxd1 Ncd7 13. Nxb5 axb5 14. Bxb5 $18) 12. Qb3 e6 13. Rd1 {
looks pretty scary for Black, but is far from clear if White's initiative is
sufficient for advantage.}) 11... axb5 12. Bxb5+ Ncd7 13. O-O {with a very
strong compensation.}) 11. Bxe5 Nd7 {Black has no choice. Otherwise White
simply protects pawn c5 with b2-b4.} 12. Bg3 Nxc5 13. Qxd8+ Rxd8 14. Nxb5 $1 {
After this White wins in all variations. It is curious that 14.Nxb5 already
happened before in a game that reached the present position by a different
move order.} axb5 15. Bxb5+ Nd7 16. O-O e5 {Nothing else helps either.} (16...
e6 17. Rfd1 {[%cal Gg3c7]} Bd5 18. e4 $1 Bxe4 19. Bc7 Bd5 20. Rxd5 exd5 21.
Re1+ Be7 22. Bd6 O-O 23. Bxe7 Rfe8 24. Kf1 Rxe7 25. Rxe7 {is also pretty
hopeless.}) (16... f6 17. Bc7 Rc8 18. Rac1 Be4 19. Rfd1 Bf5 20. e4 Be6 21. a4
$18) 17. Rfd1 $1 (17. Bxe5 Ba6 $1 18. Bxa6 Nxe5 19. Bb5+ Ke7 $13) 17... Bc5 (
17... f6 18. Rac1 Be4 ({After} 18... Be7 19. Rc7 Bc8 {Black will soon be in
zugzwang.} 20. f4 $5 $18) 19. f4 (19. Rc7 Bf5 20. a4 Bb4 21. Rb7 Ba5 22. b4
Bxb4 23. Bxd7+ Bxd7 24. Rxb4 $16) (19. f3 $5 Bf5 20. Rc6 {[%cal Ge3e4]} Rb8 (
20... e4 21. Rd5 Bg6 22. Rc7 $18) 21. a4 Rxb5 22. axb5 Nb8 23. Rc7 $16) 19...
exf4 20. exf4 Bf5 21. Rc7 Bb4 22. a3 Ba5 23. Rb7 O-O 24. Bxd7 $18 Rf7 25. Rb5
Rfxd7 26. Rxd7 Bxd7 27. Rxa5 $18 {1-0 Popov,V (2520)-Burmakin,V (2560)/St
Petersburg 1998 (68). This game escaped Vysochin's attention because it had a
different move order: 8...Nxe5 9.Bxe5 Bb7 10.e3 c5 11.dxc5 Nd7 and we have the
same position from our main game.}) 18. Bxe5 Bb6 ({Some practical chances
would have offered} 18... Ba6 19. Ba4 Ke7 20. Bc7 Nb6 21. Bxd8+ Rxd8 22. Rxd8
Kxd8 {although with the rook and three pawns for a bishop and knight White
should hardly have problems to win.}) 19. Rac1 $18 {There is no defense
against Bc7, regaining the piece and remaining with at least two extra pawns.}
Ke7 20. Bc7 Bxc7 (20... Bc8 21. Bxd8+ (21. Bxd7 $4 Bxc7 $1 $15) (21. b4 $18)
21... Rxd8 22. Rxc8 Rxc8 23. Rxd7+ Ke6 24. Rd1 Rc2 25. b4 $18) 21. Rxc7 Bc8 22.
a4 h5 23. a5 Rh6 24. a6 $1 {Leads to a technically winning endgame.} (24. Rxc8
Rxc8 25. Rxd7+ Ke6 {leaves Black with some hopes.}) 24... Rxa6 25. Rcxd7+ Bxd7
26. Bxa6 Rb8 27. Rd2 Ra8 28. Be2 h4 (28... Ra1+ 29. Rd1 Ra2 30. Bxh5 Rxb2 31.
h4 $18) 29. f3 $18 Ra1+ 30. Kf2 g5 31. Bd3 f5 32. h3 g4 33. hxg4 fxg4 34. fxg4
Bxg4 35. b4 Ra3 36. Bf1 Bc8 37. Rd4 Ra2+ 38. Kg1 Ra1 39. Re4+ Kf6 40. Rxh4 Kg5
41. Rd4 Ba6 42. b5 Bb7 43. Kf2 Ra2+ 44. Kg3 Ra3 45. Bd3 Rb3 46. Rd7 Ba8 47. Rd6
Rb2 48. e4 Rb3 49. Kf3 Bb7 50. Ke3 Bc8 51. Kd4 Rb2 52. e5 Bb7 53. Rg6+ Kh5 54.
g4+ Kh4 55. e6 Ra2 56. e7 Ra8 57. Re6 1-0

[Event "Foros Aerosvit"]
[Site "Foros"]
[Date "2007.06.19"]
[Round "2"]
[White "Eljanov, Pavel"]
[Black "Karjakin, Sergey"]
[Result "0-1"]
[WhiteElo "2686"]
[BlackElo "2686"]
[Annotator "Rogozenco,D"]
[PlyCount "56"]
[EventDate "2007.06.18"]
[EventType "tourn"]
[EventRounds "11"]
[EventCountry "UKR"]
[EventCategory "18"]
[SourceTitle "CBM 119"]
[Source "ChessBase"]
[SourceDate "2007.08.01"]
[SourceVersion "1"]
[SourceVersionDate "2007.08.01"]
[SourceQuality "1"]

1. d4 d5 2. c4 c6 3. Nf3 Nf6 4. e3 a6 5. Nc3 b5 6. c5 Nbd7 7. a3 {Lputian's
patent.} a5 (7... Qc7 8. b4 e5 9. dxe5 (9. a4 $5 Rb8 10. axb5 axb5 11. dxe5
Nxe5 12. Nxe5 Qxe5 13. Qd4 Qe6 14. Bb2 Be7 15. Be2 O-O 16. O-O $14 {1-0
Pedersen,S (2439)-Rasmussen,C (2327)/Aalborg 2007 (40)}) 9... Nxe5 10. Bb2 Be7
11. Nxe5 Qxe5 12. Na4 Qe4 13. Nb6 $14 {1/2-1/2 Lputian,S (2619)-Bareev,E (2701)
/Sochi 2006}) (7... g6 8. b4 Bg7 9. Bb2 O-O 10. a4 $14 {1/2-1/2 Vallejo Pons,F
(2674)-Jakovenko,D (2671)/Lugo 2006 (62)}) 8. Bd3 e5 9. dxe5 Ng4 10. e6 fxe6
11. Nd4 Nxc5 12. Be2 Nxf2 $1 $146 {[%mdl 8] An impressive novelty, completely
changing the character of the position. Suddenly White finds himself under
severe pressure.} (12... Ne5 13. f4 Nc4 14. b3 Nd6 15. Nxc6 Qb6 16. Nd4 Bd7 17.
O-O (17. f5 $5 $36) 17... Be7 18. f5 $16 {1-0 Lputian,S (2634)-Jakovenko,D 
(2671)/Fuegen 2006 (50)}) 13. Kxf2 Bd6 {With two central pawns for the knight
Black has excellent compensation. White's king is exposed, his pawn structure
is ruined and the coordination of pieces is poor. Therefore in order to avoid
long suffering White must first of all try to break Black's pawn chain
immediately. For that purpose moves such as 14.Nxc6 and 14.e4 suit best.
However, concrete variations show that Black has excellent compensation in all
cases.} 14. g3 (14. Nxc6 {The c6-pawn is very important, supporting both pawns
on b5 and d5, therefore 14.Nxc6 is the critical continuation.} O-O+ 15. Bf3 ({
Perhaps better is} 15. Kg1 Qh4 16. Bf3 Ne4 $44) 15... Qh4+ (15... Qb6 16. Nd4
$13) 16. g3 Qh3 17. Nxb5 Ne4+ 18. Kg1 Bxg3 19. Ne7+ (19. hxg3 $2 Qxg3+ 20. Bg2
Qf2+ 21. Kh2 Rf6 $19) 19... Kh8 20. Ng6+ $1 (20. hxg3 $2 Qxg3+ 21. Bg2 Qf2+ 22.
Kh2 Rf6 $19) 20... Kg8 21. Ne7+ Kf7 22. hxg3 (22. Bxe4 $2 dxe4 23. Qe2 (23.
hxg3 Qxg3+ 24. Kf1 Kxe7+ $19) (23. Nxc8 Kg6 $1 24. Ne7+ Kg5 $19 {[%cal Gg3f2]})
23... Bh4 24. Nxc8 Raxc8 25. Qf1+ (25. Nd6+ Kg8 26. Nxc8 Rf5 $19) 25... Bf2+ $1
26. Qxf2+ Kg8 27. Qe2 Rc5 $19) 22... Qxg3+ 23. Bg2 Kxe7 (23... Qf2+ 24. Kh2
Qg3+ $11 (24... Kxe7 25. Qe1 $1)) 24. Rh3 Qf2+ 25. Kh2 e5 $40) (14. e4 {
The second critical option, opening the diagonal for the Bc1.} O-O+ 15. Kg1 Qb6
$5 16. Be3 Bf4 17. Bf2 Nxe4 18. Nxe4 dxe4 19. Nf5 e3 20. Ne7+ Kh8 (20... Kf7 $6
21. Bh4) 21. Bg3 (21. Bh4 Bb7 $17) 21... Bb7 $17) 14... O-O+ 15. Kg2 Bd7 {
The last preparatory move. Now Black is ready to advance his central pawns.}
16. Bd2 (16. Rf1 {is better, although it doesn't fully solve the problems
either. After} Rxf1 {Black keeps strong pressure. For instance:} 17. Bxf1 (17.
Qxf1 e5 18. Nf5 (18. Nf3 Nb3 19. Rb1 b4 20. axb4 axb4 21. Nd1 Bf5 22. Bd3 e4
23. Ng1 Bg6 24. Bc2 (24. Be2 Qa5 $19 {[%cal Ga5a2]}) 24... Na1 25. Qe2 b3 $19))
17... Qf6 (17... e5 {allows White to give back the knight in order to activate
pieces:} 18. Nxc6 Bxc6 19. Bxb5 Bb7 20. Nxd5 {although Black has good play for
the pawn.}) 18. Kh1 (18. Be2 Rf8 $36) 18... Rf8 19. Bg2 Qg6 $44 {[%cal Gc5d3]})
(16. e4 {is again an important option. My feeling is that one way or another
White must try to survive by destroying his opponent's pawn formation in the
centre, eventually even giving back the extra material.} b4 17. exd5 bxc3 18.
dxe6 (18. dxc6 Be8 $17 {[%cal Ge6e5]}) 18... Nxe6 19. Bc4 Qf6 20. Rf1 Qg6 21.
bxc3 {White should be happy if he can achieve something like this.}) 16... e5
17. Nb3 (17. Nf3 a4 $44 {[%csl Rb3][%cal Gc5b3]}) 17... Ne6 $1 {The knight on
b3 is a very problematic piece for White, with no prospects at all and Black
wisely avoids its exchange.} 18. Bg4 (18. Rf1) 18... a4 19. Nc1 Qg5 ({Another
promising possibility is} 19... Nc5 20. Bxd7 Qxd7 $17 {with the exchange of
light-squared bishops White's position becaomes really ugly.}) 20. h4 Qg6 21.
h5 ({White should have tried to exchange queens:} 21. Bh5 Qf5 (21... Qf6 $5 22.
Rf1 Qe7 $44) 22. Qf3 $1 (22. Rf1 Nf4+ $1 23. exf4 Qh3+ 24. Kf2 exf4 $19) (22.
Bg4 $2 Qf2+ 23. Kh3 h5 $19) 22... Nc5 (22... Qc2 23. Qd1) 23. Qxf5 Bxf5 $44)
21... Qg5 22. Rh4 ({Missing the last chance to advance e3-e4, even if now
Black can achieve by force a better endgame:} 22. e4 Nf4+ $1 23. Bxf4 (23. gxf4
exf4 $1 $19) 23... Qxg4 (23... exf4 $2 24. Bxd7 Qxg3+ 25. Kf1 f3 26. Qd2 $18)
24. Qxg4 Bxg4 25. Rh4 {and now Black has a pleasant choice between} d4 {
winning back material} ({or} 25... Bd7 26. Bd2 d4 {with advantage in both
cases.})) 22... e4 $19 {Now it's all over: White's queenside pieces are locked
in and Black easily organizes a decisive attack.} 23. Qe1 (23. N1e2 Bxg3 $1 24.
Kxg3 (24. Nxg3 Qxh4 $19) 24... Rf3+ 25. Kg2 Qxh4 $19) 23... Nc5 24. Bxd7 ({
In the event of} 24. Bd1 {among other good moves Black has the nice blow} Rf1
$1 {winning at once:} 25. Kxf1 (25. Qxf1 Qxg3+ $19) 25... Bxg3 $19) (24. Be2
Rf6 $19 {[%cal Ga8f8]}) 24... Nxd7 25. N1e2 Ne5 26. Qh1 Nf3 27. Qh3 Qf6 {
Defending from the check on e6 and keeping all the threats.} 28. Nf4 Nxd2 0-1